| Поле | Инд. | ПП | Название | Значение |
|---|---|---|---|---|
| Тип записи | a | |||
| Библиографический уровень | m | |||
| 001 | _ | Контрольный номер | RU/URAIT/470374 | |
| 005 | _ | Дата корректировки | 20250915104113.4 | |
| 008 | Кодируемые данные | 160824s2021 RU y f j 000 0 rus u | ||
| 020 | a | ISBN | 978-5-534-00524-0 | |
| c | Цена, тираж | 949.00 | ||
| 040 | a | Служба первич. каталог. | ИКО Юрайт | |
| c | Служба, преобразующая запись | ИКО Юрайт | ||
| e | Правила каталог. | RCR | ||
| 041 | a | Код языка текста | rus | |
| 044 | a | Код страны публикации | RU | |
| 080 | a | Индекс УДК | 33(075.8) | |
| 084 | 2 | Источник индекса | rubbk | |
| a | Индекс другой классификации/Индекс ББК | 65я73 | ||
| 100 | 1_ | a | Автор | Чалдаева Лариса Алексеевна |
| q | Полное имя | Лариса Алексеевна | ||
| 245 | a | Заглавие | Экономика организации. Практикум | |
| b | Продолж. заглавия | Учебное пособие для вузов | ||
| c | Ответственность | под ред. Чалдаевой Л. А., Шарковой А. В. | ||
| 256 | a | Характеристики компьютерного файла | Электрон. дан. | |
| 260 | a | Место издания | Москва | |
| b | Издательство | Юрайт | ||
| c | Дата издания | 2021 | ||
| 300 | a | Объем | 299 с | |
| 440 | a | Серия | Высшее образование | |
| 500 | a | Примечание | URL: https://urait.ru/bcode/470374 (дата обращения: 23.11.2021). | |
| 520 | a | Аннотация | Перед вами Практикум, созданный в помощь для усвоения материала, изложенного в учебнике «Экономика организации» под редакцией профессора Л. А. Чалдаевой и профессора А. В. Шарковой. Оба издания подготовлены одним коллективом авторов. Каждая из 18 глав Практикума содержит введение с кратким изложением теоретического материала, задачи, тесты, практические задания с элементами исследовательского характера, открытые вопросы или вопросы для размышления, ситуационные задания. Особое внимание уделено кейсам и заданиям по работе со справочно-правовыми системами. После каждой главы приводится список нормативных документов и рекомендуемой литературы, позволяющий учащимся выполнить задания, закрепить теоретический материал и приобрести знания, навыки и опыт практического характера. В конце издания даны решения к задачам и ответы к тестам. | |
| 538 | a | Прим. о системных особенностях | Режим доступа: Электронно-библиотечная система Юрайт, для авториз. пользователей | |
| 653 | a | Ключевые слова | Предпринимательство. Бизнес-Планирование | |
| 653 | a | Ключевые слова | Экономика и управление | |
| 653 | a | Ключевые слова | Экономика предприятия | |
| 653 | a | Ключевые слова | Экономика организаций | |
| 653 | a | Ключевые слова | Экономика организации (предприятия) | |
| 653 | a | Ключевые слова | Основы экономики организации | |
| 653 | a | Ключевые слова | Экономика организации | |
| 653 | a | Ключевые слова | Основы экономики предприятий и организаций | |
| 653 | a | Ключевые слова | Экономика и организация предприятия | |
| 653 | a | Ключевые слова | Экономика организаций (предприятий) | |
| 653 | a | Ключевые слова | Экономика предприятий (организаций) | |
| 653 | a | Ключевые слова | Экономика предприятий | |
| 653 | a | Ключевые слова | Экономика предприятий и организаций | |
| 653 | a | Ключевые слова | Основы экономики предприятия | |
| 700 | 1_ | a | Другие авторы | Ахметшина Лилия Габдулхаковна |
| q | Полное имя | Лилия Габдулхаковна | ||
| 700 | 1_ | a | Другие авторы | Грузина Юлия Михайловна |
| q | Полное имя | Юлия Михайловна | ||
| 700 | 1_ | a | Другие авторы | Казакова Александра Валерьевна |
| q | Полное имя | Александра Валерьевна | ||
| 700 | 1_ | a | Другие авторы | Корнеева Ирина Вадимовна |
| q | Полное имя | Ирина Вадимовна | ||
| 700 | 1_ | a | Другие авторы | Пономарева Марина Александровна |
| q | Полное имя | Марина Александровна | ||
| 700 | 1_ | a | Другие авторы | Сергеев Александр Александрович |
| q | Полное имя | Александр Александрович | ||
| 700 | 1_ | a | Другие авторы | Харитонова Наталия Анатольевна |
| q | Полное имя | Наталия Анатольевна | ||
| 700 | 1_ | a | Другие авторы | Харитонова Татьяна Викторовна |
| q | Полное имя | Татьяна Викторовна | ||
| 700 | 1_ | a | Другие авторы | Чернышев Борис Николаевич |
| q | Полное имя | Борис Николаевич | ||
| 700 | 1_ | a | Другие авторы | Швандар Дарья Владимировна |
| q | Полное имя | Дарья Владимировна | ||
| 700 | 1_ | a | Другие авторы | Шаркова Антонина Васильевна |
| q | Полное имя | Антонина Васильевна | ||
| 4 | Код отношения | 340 | ||
| 856 | 40 | u | URL | https://urait.ru/bcode/470374 |
| x | Примечание для ЭОР | https://urait.ru/book/cover/56CAD1CE-7384-42B2-ADAA-C1CB2B011FEB | ||
| z | Примечание для пользователя | Участвует в КО | ||
| 856 | 41 | u | URL | https://urait.ru/book/cover/56CAD1CE-7384-42B2-ADAA-C1CB2B011FEB |